Responses for Show #7719 - Thursday, March 15, 2018

Contestants

[<< previous game]

Amy Yacorzynski, an attorney from New Orleans, Louisiana

Tracey Hollabaugh, a teacher from Cumming, Georgia

Peter Karamitsos, a software salesman from Elmhurst, Illinois (whose 1-day cash winnings total $27,400)

[next game >>]

Jeopardy! Round responses

BAD ADJECTIVES FOR A DATING PROFILE
SPORTS TRADITIONS
WEBSITES
A DOG & PONY & LEMUR SHOW
STATE HOLIDAYS
REAL "D" LIGHTS
(Alex: Each correct response will end with the letter "D"--the letter "D" by itself.)
    $200 12
foul

Peter
    $200 1
the University of Iowa

Peter
    $200 5
Social Security Administration

Tracey
    $200 28
[The end-of-round signal sounds.]

a Shetland

Amy
    $200 4
Massachusetts

Tracey
    $200 6
Vitamin D

Tracey
    $400 15
egotistical

Amy
    $400 2
an octopus

Amy
    $400 11
BuzzFeed

Tracey
    $400 26
a bloodhound

Peter
    $400 25
Missouri

Tracey
    $400 7
Chuck D

Amy
    $600 16
abrasive

Tracey
    $600 3
"Silent Night"

Triple Stumper
    $600 19
Wikipedia

Peter
    $600 24
a snout

Peter
    $600 27
California

Tracey
    $600 8
(Tracey: What is Sunny Delight?)

SunnyD

TraceyAmy
    $800 17
revolting

Tracey
    $800 13
the (Milwaukee) Brewers

Peter
    $800 20
Zappos

Tracey
    $800 23
(Tracey: What is North Carolina?)

Virginia

Tracey
Triple Stumper
    $800 9
Tenacious D

Amy
    $1000 18
bitter

Peter
    $1000 14
"My Old Kentucky Home"

Tracey
    $2,000 21
(Tracey: Got nothing.)

Tina Brown

Tracey
    $1000 22
(Alex: Less than a minute now.)

an aye-aye

Tracey
    $1000 10
D&D

Tracey

Scores at the first commercial break (after clue 15):

Peter Tracey Amy
$1,200 $2,400 $2,600

Scores at the end of the Jeopardy! Round:

Peter Tracey Amy
$3,800 $3,800 $2,800

Double Jeopardy! Round responses

I AM HUSSEIN
'80s MUSIC
(Alex: You're too young for that.)
SOMEHOW THEY PULLED IT OFF
LITERARY STYLES & MOVEMENTS
MY TREATY
I'LL PICK UP THE "TAB"
(Alex: I'm a nice guy. "T-A-B" coming up in each correct response.)
    $400 21
Amman

Tracey
    $400 2
Amadeus

Tracey
    $400 12
a Band-Aid

Peter
    $400 24
the Beat movement

Amy
    $400 11
Japan

Tracey
    $400 3
a tabloid

Peter
    $800 22
cricket

Peter
    $2,800 1
(Alex: "I Lost On Jeopardy!".)

Weird Al

Amy
    $800 15
Doc Holliday

Tracey
    $800 25
the Harlem Renaissance

Tracey
    $800 13
(Tracey: What is San Marino?)

Vatican City

TraceyAmy
    $800 7
a tabby

Tracey
    $1200 23
Saddam Hussein

Triple Stumper
    $1200 4
Eileen

Peter
    $1200 16
rain delay

Peter
    $1200 26
(Alex: With less than a minute.)

steampunk

Tracey
    $1200 14
Florida

Amy
    $1200 8
tabulate

Peter
    $200 29
(Amy: What is Kosovo?)
...
[The end-of-round signal sounds.]

Bosnia-Herzegovnia

Amy
    $1600 5
Blondie

Amy
    $1600 19
Zorro

Peter
    $1600 27
meta

Tracey
    $1600 17
Treaty of Westphalia

Triple Stumper
    $1600 9
tabula rasa

Amy
    $2000 6
Rakim

Amy
    $2000 20
Gainsborough

Tracey
    $2000 28
gothic

Amy
    $2000 18
Utrecht

Peter
    $2000 10
tabernacle

Amy

Scores at the end of the Double Jeopardy! Round:

Peter Tracey Amy
$12,600 $11,400 $17,000

[wagering suggestions for these scores]

Final Jeopardy! Round responses

EUROPEAN RIVERS
TraceyWhat Czech R
$11,399
PeterWhat Ukraine
$11,000
AmyWhat is Switzerland?
$8,201
Ukraine

Final scores:

Peter Tracey Amy
$23,600 $1 $8,799
2-day champion: $51,000 3rd place: $1,000 2nd place: $2,000

Game dynamics:

Coryat scores:

Peter Tracey Amy
$12,600 $13,400 $15,200
15 R,
0 W
21 R,
4 W
(including 1 DD)
15 R
(including 1 DD),
1 W
(including 1 DD)

Combined Coryat: $41,200

[game clues] [game scores] [suggest correction]

Game tape date: 2017-12-12
The J! Archive is created by fans, for fans. Scraping, republication, monetization, and malicious use prohibited; this site may use cookies and collect identifying information. See terms. The Jeopardy! game show and all elements thereof, including but not limited to copyright and trademark thereto, are the property of Jeopardy Productions, Inc. and are protected under law. This website is not affiliated with, sponsored by, or operated by Jeopardy Productions, Inc. Join the discussion at JBoard.tv.